| 000 | 01435nam a2200301 a 4500 | ||
|---|---|---|---|
| 001 | 000016951 | ||
| 003 | DO-SdBNP | ||
| 005 | 20250711124154.0 | ||
| 007 | ta | ||
| 008 | 100312s1996 dr a r 001 0 spa d | ||
| 040 |
_aDO-SdBNP _bspa _cBNPHU _erda |
||
| 082 | 4 |
_a375.006 _bR426c _222 |
|
| 110 | 1 |
_aRepública Dominicana. _bSecretaría de Estado de Educación, Bellas Artes y Cultos _923965 |
|
| 245 | 1 | 0 | _a¿Cómo promover la transformación curricular en los centros educativos? |
| 264 | 4 |
_aSanto Domingo : _bEditora Papelería Josué, C. por A., _c1996. |
|
| 300 |
_a54 páginas : _bilustraciones ; _c28 cm. |
||
| 336 |
_atexto _btxt _2rdacontent |
||
| 337 |
_asin mediación _bn _2rdamedia |
||
| 338 |
_avolumen _bnc _2rdacarrier |
||
| 490 |
_aINNOVA 2000 _vLibro20 |
||
| 505 | 0 |
_aIntroducción -- _tEn busca de la calidad -- _tTrascendencia del cambio -- _tSocialización del conocimiento para la construcción colectiva del nuevo curriculum -- _t¿Hacia dónde hemos avanzado? -- _tLa transformación curricular y las nuevas prácticas -- _tDestacando la participación de actores -- _tIdeas centrales e innovaciones -- _tConstruyendo juntos la educación del nuevo siglo. |
|
| 590 | _aInventariado, 2018/BT | ||
| 650 | 4 |
_aReforma educativa _zRepública Dominicana _917110 |
|
| 650 | 4 |
_aDesarrollo curricular _917535 |
|
| 650 | 0 |
_aPlanificación educativa _917484 |
|
| 910 | _aValidado. Control de calidad. EMS | ||
| 942 |
_2ddc _cLBS1 |
||
| 999 |
_c16483 _d16483 |
||